Doctrina social de la Iglesia : (Record no. 33538)

MARC details
000 -LEADER
campo de control de longitud fija 00900nam a2200229 i 4500
001 - NÚMERO DE CONTROL
campo de control 33538
003 - IDENTIFICADOR DE NÚMERO DE CONTROL
campo de control ES-MaACL
005 - FECHA Y HORA DE LA ÚLTIMA TRANSACCIÓN
campo de control 20250830111411.0
007 - CAMPO FIJO DE DESCRIPCIÓN FÍSICA--INFORMACIÓN GENERAL
campo de control de longitud fija t|
008 - DATOS DE LONGITUD FIJA--INFORMACIÓN GENERAL
campo de control de longitud fija 030202s1967 sp ||||1| spa d
080 ## - NÚMERO DE LA CLASIFICACIÓN DECIMAL UNIVERSAL
Número de la Clasificación Decimal Universal 304:282
100 1# - ENTRADA PRINCIPAL--NOMBRE DE PERSONA
Nombre de persona Bigo, Pierre.
9 (RLIN) 28844
245 10 - MENCIÓN DEL TÍTULO
Título Doctrina social de la Iglesia :
Resto del título búsqueda y diálogo : texto puesto al día después del Concilio Vaticano II y de la encíclica "Populorum progressio" /
Mención de responsabilidad, etc. Pierre Bigo ; traducido por Françoise Esquerré.
260 ## - PUBLICACIÓN, DISTRIBUCIÓN, ETC.
Lugar de publicación, distribución, etc. Barcelona :
Nombre del editor, distribuidor, etc. Instituto Católico de Estudios Sociales,
Fecha de publicación, distribución, etc. 1967.
300 ## - DESCRIPCIÓN FÍSICA
Extensión 603 p. ;
Dimensiones 22 cm.
610 24 - PUNTO DE ACCESO ADICIONAL DE MATERIA--NOMBRE DE ENTIDAD CORPORATIVA
Nombre de entidad corporativa o nombre de jurisdicción como elemento de entrada Iglesia Católica-
Subdivisión general Doctrina social
9 (RLIN) 4642
650 #7 - PUNTO DE ACCESO ADICIONAL DE MATERIA--TÉRMINO DE MATERIA
Término de materia o nombre geográfico como elemento de entrada Iglesia y problemas sociales
Fuente del encabezamiento o término embne
9 (RLIN) 13569
700 1# - ENTRADA AGREGADA--NOMBRE PERSONAL
Nombre de persona Esquerré, Françoise.
9 (RLIN) 47967
710 2# - ENTRADA AGREGADA--NOMBRE DE ENTIDAD CORPORATIVA
Nombre de entidad corporativa o nombre de jurisdicción como elemento de entrada Institut Catòlic d'Estudis Socials de Barcelona.
9 (RLIN) 4738
852 4# - LOCALIZACIÓN
Ubicación ES-MaACL
Número de control de estantería C-33257
Holdings
Estatus retirado Estado de pérdida Estado de daño No para préstamo Biblioteca de origen Biblioteca actual Ubicación en estantería Fecha de adquisición Fuente de adquisición Total de préstamos Signatura topográfica completa Código de barras Visto por última vez Precio de reemplazo Tipo de ítem Koha
        Biblioteca del Ateneo de Madrid Biblioteca del Ateneo de Madrid Depósito 2 17/01/2008     C-33257 1034897 23/02/2023 23/02/2023 Libro impreso